Mujeres que hacen historia.
Salvato in:
| Autore principale: | |
|---|---|
| Ente Autore: | |
| Altri autori: | , , |
| Natura: | Libro |
| Pubblicazione: |
Santiago, Chile:
LOM Ediciones,
2005.
|
| Serie: | Nosotros los chilenos,
|
| Soggetti: | |
| Tags: |
Aggiungi Tag
Nessun Tag, puoi essere il primo ad aggiungerne!!
|
MARC
| LEADER | 00000nam a2200000 a 4500 | ||
|---|---|---|---|
| 001 | UCH4917 | ||
| 003 | CL-VaPUC | ||
| 005 | 20240930163213.0 | ||
| 008 | 240930t2005 ||||| |||| 00| 0 eng d | ||
| 999 | |c 336148 |d 336146 | ||
| 020 | |a 956-282-724-0 | ||
| 040 | |c Pontificia Universidad Católica de Valparaíso | ||
| 082 | 0 | 4 | |a 305.408 GAL 2005 |2 21 |
| 100 | |a Galleguillos, Ximena |e autor |9 540947 | ||
| 110 | 2 | |a Rocinante |e author |9 540935 | |
| 245 | 1 | 0 | |a Mujeres que hacen historia. |
| 260 | |a Santiago, Chile: |b LOM Ediciones, |c 2005. | ||
| 300 | |a 106 páginas. | ||
| 490 | 0 | |a Nosotros los chilenos, |n 11. | |
| 500 | |a c.1 Donación ELE 9-09-2024 | ||
| 583 | |a last modification |c 20180417 04:46:14 |k Rodrigo Vera | ||
| 650 | 0 | |a Discriminación de la mujer |9 429690 | |
| 650 | 0 | |a Movimientos femeninos |2 CL-VaPUC |9 540899 | |
| 650 | 0 | |a Feminismo |9 259085 | |
| 650 | 0 | |a Movimientos sociales |9 315241 | |
| 650 | 0 | |a Derechos humanos |9 223025 | |
| 650 | 0 | |a Mujeres chilenas |9 509818 | |
| 650 | 0 | |a Mujeres |9 257649 | |
| 700 | 0 | |a Veneros Ruiz-Tagle, Diana |e autor |9 540932 | |
| 700 | |a Ortúzar Meza, Carmen |e autora |9 544982 | ||
| 700 | 0 | |a Carreras, Arnoldo |e autor |9 540934 | |
| 942 | |c BK |2 ddc | ||
| 945 | |d 20090910 00:00:00 |a dcastane | ||
| 952 | |0 0 |1 0 |2 ddc |4 0 |6 305_408000000000000_GAL_2005 |7 0 |8 X |9 427122 |a FDOBUD |b FDOBUD |d 2019-11-22 |i 4598644 |o 305.408 GAL 2005 |p 4598644 |r 2019-11-22 |w 2019-11-22 |y BK_X |k BUD | ||
| 952 | |0 0 |1 0 |2 ddc |4 0 |6 305_408000000000000_GAL_2005 |7 0 |8 A |9 597082 |a BIBGIM |b BIBGIM |d 2024-09-30 |e Donación |i 5662898 |o 305.408 GAL 2005 |p 5662898 |r 2025-01-15 |t 1 |w 2024-09-30 |y BK |k ELE | ||